00717cam a2200205 a 4500999001500000001000400015003000900019005001700028008004100045040003800086082001900124100001600143245010200159260003400261300002300295650004200318700002200360942001200382952011700394 c7764d7764398BD-DhUAP20210201111718.0210201s1994 enk b f000 0 eng  aBD-DhUAPcBD-DhUAPdBD-DhUAPbEng a428.24 HIL223 aHill, L. A. aFurther comprehension and precis pieces for overseas students /cL. A. Hill and R. D. S. Fielden. aLondon : bLongmans,cc1961. a85 pages ;c18 cm. aEnglish languagevStudy and teaching. aFielden, R. D. S. 2ddccBK 00102ddc4070aUAPCLbUAPCLcReserve Stacksd2021-02-01o428.24 HILp3010000398r2021-02-01t1w2021-02-01yBK